00349nam a2200133Ia 4500008004100000020001500041041001200056100001900068245006200087250000800149260003900157300000800196650001100204221030s9999 xx 000 0 und d a9332549913 aEnglish aR. A. Gayakwad 0aOp - Amps & Linear Integrated Circuitscby R. A. Gayakwad a4th bPearson EducationaNew Delhic2016 a543 aBB ECE